Reino Unido por el mundo - Estadísticas

Estadísticas generales
  • Esta prueba ha sido intentada 105 veces
  • La puntuación promedio es 8 de 15
Estadísticas de respuestas
Pista Territorio de Ultramar/Dependencia % Correcto
Islas en el Atlántico Norte conocidas por el Triángulo de las ________ Bermudas
100%
Islas al frente de Tierra del Fuego reclamadas por Argentina Islas Malvinas
92%
Territorio al sur de la Península Ibérica reclamado por España Gibraltar
91%
Grupo de tres islas en el Caribe conocidas por ser un paraíso fiscal Islas Caimán
62%
Islas en el Canal de la Mancha muy cercanas a Francia Jersey
58%
Conjunto de tres grupos de islas en el atlántico sur en las que pasó sus últimos años Napoleón Santa Elena, Ascensión y Tristán de Acuña
56%
Islas en el Caribe cercanas a Puerto Rico Islas Vírgenes Británicas
55%
Isla entre medio de las islas británicas dónde se pueden encontrar gatos sin cola Isla de Man
53%
Grupo de Islas al norte de Jersey Guernsey
49%
Islas al este de las Bahamas Islas Turcas y Caicos
48%
Isla caribeña al extremo norte de las islas de barlovento que tiene tres delfines en su escudo Anguila
41%
Dos grupos de islas en la Zona Austral de América reclamadas por Argentina. Uno de los grupos de islas tiene nombre de alimento Islas Georgias y Sandwich del Sur
41%
Islas en la Polinesia conocidas cómo "el país con menos población" (aunque no sean un país) Islas Pitcairn
41%
Islas al Sur de las Maldivas en el Océano índico Territorio Británico en el Océano índico
34%
Territorio británico en la Isla de Chipre Acrotiri y Dhekelia
10%
No se encontraron pruebas coincidentes
Distribución de puntuación
Porcentaje de gente con cada puntuación
Porcentaje por número respondido
Historial de tus puntuaciones
No has intentado esta prueba.